Application of nanostructured microbial catalysts for bioremediation of some organic wastes / (رقم التسجيلة. 47129)
[ عرض عادي ]
| 000 -LEADER | |
|---|---|
| fixed length control field | 02140cam a2200349 a 4500 |
| 003 - CONTROL NUMBER IDENTIFIER | |
| control field | EG-GiCUC |
| 005 - DATE AND TIME OF LATEST TRANSACTION | |
| control field | 20250223031033.0 |
| 008 - FIXED-LENGTH DATA ELEMENTS--GENERAL INFORMATION | |
| fixed length control field | 140903s2013 ua h f m 000 0 eng d |
| 040 ## - CATALOGING SOURCE | |
| Original cataloging agency | EG-GiCUC |
| Language of cataloging | eng |
| Transcribing agency | EG-GiCUC |
| 041 0# - LANGUAGE CODE | |
| Language code of text/sound track or separate title | eng |
| 049 ## - LOCAL HOLDINGS (OCLC) | |
| Holding library | Deposite |
| 097 ## - Thesis Degree | |
| Thesis Level | Ph.D |
| 099 ## - LOCAL FREE-TEXT CALL NUMBER (OCLC) | |
| Classification number | Cai01.07.06.Ph.D.2013.Os.A |
| 100 0# - MAIN ENTRY--PERSONAL NAME | |
| Personal name | Osama Mohammad Mostafa Darwesh |
| 245 10 - TITLE STATEMENT | |
| Title | Application of nanostructured microbial catalysts for bioremediation of some organic wastes / |
| Statement of responsibility, etc. | Osama Mohammad Mostafa Darwesh ; Supervised Mohamed Zakaria Sedik , Olfat Sayed Barakat , Hassan Moawad Abdelall |
| 246 15 - VARYING FORM OF TITLE | |
| Title proper/short title | استخدام المحفزات الميكروبية المرتبطة بتركيبات نانومترية للمعالجة الحيوية لبعض الملوثات العضوية |
| 260 ## - PUBLICATION, DISTRIBUTION, ETC. | |
| Place of publication, distribution, etc. | Cairo : |
| Name of publisher, distributor, etc. | Osama Mohammad Mostafa Darwesh , |
| Date of publication, distribution, etc. | 2013 |
| 300 ## - PHYSICAL DESCRIPTION | |
| Extent | 155 P. : |
| Other physical details | facsimiles ; |
| Dimensions | 25cm |
| 502 ## - DISSERTATION NOTE | |
| Dissertation note | Thesis (Ph.D.) - Cairo University - Faculty of Agriculture - Department of Microbiology |
| 520 ## - SUMMARY, ETC. | |
| Summary, etc. | This study focuses on the isolation, screening of bacterial isolates and azo dye removal by bacteria isolated from dumping site of textile industry wastewater as well as using nanotechnology applications to enhance the bioremediation process. Fourteen isolates were isolated and used for further experiments. One of them was the most efficient in decolourization of Reactive Blue (RB) azo dye. This isolate was identified by morphological, biochemical and 16s rDNA sequences as Pseudomonas aeruginosa strain OS4 (NCBI accession number: KC762943). Bioremediation of azo dyes was found to occur efficiently under two sequential phases; starting with anoxic phase and followed by aerobic one |
| 530 ## - ADDITIONAL PHYSICAL FORM AVAILABLE NOTE | |
| Additional physical form available note | Issued also as CD |
| 653 #4 - INDEX TERM--UNCONTROLLED | |
| Uncontrolled term | Bioremediation |
| 653 #4 - INDEX TERM--UNCONTROLLED | |
| Uncontrolled term | Prototype bioreactor |
| 653 #4 - INDEX TERM--UNCONTROLLED | |
| Uncontrolled term | Pseudomonas aeruginosa strain OS4 |
| 700 0# - ADDED ENTRY--PERSONAL NAME | |
| Personal name | Hassan Moawad Abdelall , |
| Relator term | |
| 700 0# - ADDED ENTRY--PERSONAL NAME | |
| Personal name | Mohamed Zakaria Sedik , |
| Relator term | |
| 700 0# - ADDED ENTRY--PERSONAL NAME | |
| Personal name | Olfat Sayed Barakat , |
| Relator term | |
| 856 ## - ELECTRONIC LOCATION AND ACCESS | |
| Uniform Resource Identifier | <a href="http://172.23.153.220/th.pdf">http://172.23.153.220/th.pdf</a> |
| 905 ## - LOCAL DATA ELEMENT E, LDE (RLIN) | |
| Cataloger | Nazla |
| Reviser | Revisor |
| 905 ## - LOCAL DATA ELEMENT E, LDE (RLIN) | |
| Cataloger | Samia |
| Reviser | Cataloger |
| 942 ## - ADDED ENTRY ELEMENTS (KOHA) | |
| Source of classification or shelving scheme | Dewey Decimal Classification |
| Koha item type | Thesis |
| Source of classification or shelving scheme | Not for loan | Home library | Current library | Date acquired | Full call number | Barcode | Date last seen | Koha item type | Copy number |
|---|---|---|---|---|---|---|---|---|---|
| Dewey Decimal Classification | المكتبة المركزبة الجديدة - جامعة القاهرة | قاعة الرسائل الجامعية - الدور الاول | 11.02.2024 | Cai01.07.06.Ph.D.2013.Os.A | 01010110063185000 | 22.09.2023 | Thesis | ||
| Dewey Decimal Classification | المكتبة المركزبة الجديدة - جامعة القاهرة | مخـــزن الرســائل الجـــامعية - البدروم | 11.02.2024 | Cai01.07.06.Ph.D.2013.Os.A | 01020110063185000 | 22.09.2023 | CD - Rom | 63185.CD |